[Event "GER-chT U20 Girls"]
[Site "Osnabrueck"]
[Date "2012.12.27"]
[Round "2.4"]
[White "Moeller, Hannah Sophie"]
[Black "Knoechel, Sarah"]
[Result "1-0"]
[WhiteElo "1339"]
[BlackElo "1249"]
[PlyCount "120"]
[EventDate "2012.12.27"]
[EventType "team-swiss"]
[EventRounds "7"]
[EventCountry "GER"]
[SourceTitle "EXT 2014"]
[Source "ChessBase"]
[SourceDate "2013.11.20"]
[SourceVersion "1"]
[SourceVersionDate "2013.11.20"]
[SourceQuality "1"]
[WhiteTeam "Lingen"]
[BlackTeam "Leipzig Lindenau"]
[WhiteTeamCountry "GER"]
[BlackTeamCountry "GER"]

1. c4 e5 2. Nc3 Nc6 3. g3 Bc5 4. Bg2 Nf6 5. e3 d6 6. Nge2 Be6 7. d4 exd4 8. exd4 Bxc4 9. dxc5 dxc5 10. Qxd8+ Rxd8 11. 0-0 0-0 12. Bg5 Rd6 13. Rfe1 h6 14. Bxf6 Rxf6 15. b3 Be6 16. Ne4 Rf5 17. Rac1 c4 18. bxc4 Nb4 19. a3 Nd3 20. Nd4 Ra5 21. Nxe6 fxe6 22. Red1 Nxc1 23. Rxc1 Rxa3 24. Nc5 b6 25. Nxe6 Rf7 26. Nf4 a5 27. Bd5 a4 28. Bxf7+ Kxf7 29. Nd5 c5 30. Nxb6 Ra2 31. Kg2 Ke7 32. Kf3 a3 33. Na4 Kd6 34. Ke3 g6 35. h4 Kc6 36. Nc3 Rb2 37. Ra1 Rb3 38. Kd3 Kd6 39. Ra2 Ke5 40. Kc2 Rb4 41. Rxa3 Rxc4 42. Ra4 Rxa4 43. Nxa4 Kd4 44. Kd2 c4 45. f3 g5 46. hxg5 hxg5 47. Nc3 Ke5 48. Ke3 Kf5 49. f4 gxf4+ 50. gxf4 Kf6 51. Ke4 Ke6 52. f5+ Kf6 53. Kf4 Kf7 54. Ke5 Ke7 55. f6+ Kf7 56. Kf5 Kf8 57. Ke6 Ke8 58. f7+ Kf8 59. Nd5 c3 60. Nxc3 Kg7 1-0

[Event "GER-chT U14 Girls"]
[Site "Burg Stargard"]
[Date "2006.12.29"]
[Round "6.2"]
[White "Knoechel, Sarah"]
[Black "Reck, Jessica"]
[Result "1-0"]
[WhiteElo "1417"]
[BlackElo "1144"]
[PlyCount "67"]
[EventDate "2006.12.27"]
[EventType "team-swiss"]
[EventRounds "7"]
[EventCountry "GER"]
[SourceTitle "EXT 2008"]
[Source "ChessBase"]
[SourceDate "2007.11.25"]
[SourceVersion "1"]
[SourceVersionDate "2007.11.25"]
[SourceQuality "1"]
[WhiteTeam "Leipzig Lindenau U14 Girls"]
[BlackTeam "Leegebruch U14 Girls"]
[WhiteTeamCountry "GER"]
[BlackTeamCountry "GER"]

1. e4 e5 2. Nf3 Nc6 3. d4 d6 4. d5 Nce7 5. c4 Nf6 6. Nc3 g6 7. Bg5 Bg7 8. Bd3 Bd7 9. Qd2 c6 10. 0-0 h6 11. Be3 Ng4 12. Rac1 h5 13. h3 Nxe3 14. fxe3 Bh6 15. Qf2 Rf8 16. h4 Ng8 17. c5 Qf6 18. b4 Bg4 19. b5 Ne7 20. bxc6 bxc6 21. dxc6 Nxc6 22. Nd5 Qd8 23. Bb5 Rc8 24. Ng5 Bxg5 25. hxg5 Kd7 26. Nf6+ Kc7 27. Bxc6 Kxc6 28. Nxg4 dxc5 29. Nxe5+ Kb7 30. Qb2+ Ka8 31. Rxf7 Rxf7 32. Nxf7 Qe7 33. Qb3 Rb8 34. Qd5+ 1-0

[Event "GER-chT U14 Girls"]
[Site "Burg Stargard"]
[Date "2006.12.27"]
[Round "1.2"]
[White "Berger, Melanie"]
[Black "Knoechel, Sarah"]
[Result "0-1"]
[WhiteElo "1025"]
[BlackElo "1417"]
[PlyCount "56"]
[EventDate "2006.12.27"]
[EventType "team-swiss"]
[EventRounds "7"]
[EventCountry "GER"]
[SourceTitle "EXT 2008"]
[Source "ChessBase"]
[SourceDate "2007.11.25"]
[SourceVersion "1"]
[SourceVersionDate "2007.11.25"]
[SourceQuality "1"]
[WhiteTeam "Guennigfeld SV U14 Girls"]
[BlackTeam "Leipzig Lindenau U14 Girls"]
[WhiteTeamCountry "GER"]
[BlackTeamCountry "GER"]

1. e4 e5 2. Nf3 Nc6 3. Bb5 d6 4. Nc3 Nf6 5. d3 Be7 6. 0-0 0-0 7. Be3 Bg4 8. Bc4 Qd7 9. d4 exd4 10. Bxd4 Bxf3 11. gxf3 Nh5 12. Be3 Ne5 13. f4 Nxf4 14. Bxf4 Nxc4 15. Rb1 Qe6 16. Qf3 f5 17. Kh1 fxe4 18. Nxe4 Qf5 19. Qc3 Qxe4+ 20. f3 Qxf4 21. Rbd1 Ne5 22. Qb3+ Kh8 23. Qxb7 Nxf3 24. Rf2 Qg4 25. Qxc7 Nh4 26. Rg1 Qe4+ 27. Rgg2 Rxf2 28. Qxe7 Qxg2# 0-1

[Event "Sachsen-ch U14 Girls"]
[Site "Sebnitz"]
[Date "2006.04.21"]
[Round "6"]
[White "Knoechel, Sarah"]
[Black "Spangenberg, Pia"]
[Result "0-1"]
[WhiteElo "1273"]
[BlackElo "1248"]
[PlyCount "110"]
[EventDate "2006.04.18"]
[EventType "swiss"]
[EventRounds "7"]
[EventCountry "GER"]
[SourceTitle "EXT 2007"]
[Source "ChessBase"]
[SourceDate "2006.11.23"]
[SourceVersion "1"]
[SourceVersionDate "2006.11.23"]
[SourceQuality "1"]

1. e4 d5 2. exd5 Nf6 3. d4 Nxd5 4. Nf3 Bf5 5. c4 Nf6 6. Bd3 Bg6 7. 0-0 e6 8. Bg5 Be7 9. Re1 Bxd3 10. Qxd3 0-0 11. Nc3 Nc6 12. Rad1 Nd7 13. Bxe7 Nxe7 14. Ne5 Ng6 15. Nxg6 hxg6 16. Qh3 Qg5 17. Re4 Qf5 18. Qg3 Nf6 19. Rf4 Nh5 20. Rxf5 Nxg3 21. Rf3 Nf5 22. d5 exd5 23. Nxd5 Rad8 24. Rfd3 Rc8 25. g4 c6 26. gxf5 cxd5 27. cxd5 gxf5 28. d6 Rfd8 29. Re1 Rd7 30. Re7 Rcd8 31. Rxd7 Rxd7 32. Rd5 g6 33. Rb5 b6 34. Rd5 f6 35. h4 Kf7 36. Rd3 Ke6 37. Rg3 Kf7 38. Rd3 g5 39. hxg5 fxg5 40. Rh3 Ke6 41. Rh6+ Ke5 42. Rg6 g4 43. Kg2 Rxd6 44. Rxd6 Kxd6 45. Kg3 Ke5 46. b3 Ke4 47. a3 a6 48. Kg2 f4 49. Kh2 Kf3 50. Kg1 Ke2 51. Kg2 f3+ 52. Kg3 Ke1 53. Kxg4 Kxf2 54. Kh3 Kg1 55. Kg3 f2 0-1

[Event "Sachsen-ch U14 Girls"]
[Site "Sebnitz"]
[Date "2006.04.20"]
[Round "4"]
[White "Knoechel, Sarah"]
[Black "Nguyen Minh, Thuy"]
[Result "0-1"]
[WhiteElo "1273"]
[BlackElo "1535"]
[PlyCount "92"]
[EventDate "2006.04.18"]
[EventType "swiss"]
[EventRounds "7"]
[EventCountry "GER"]
[SourceTitle "EXT 2007"]
[Source "ChessBase"]
[SourceDate "2006.11.23"]
[SourceVersion "1"]
[SourceVersionDate "2006.11.23"]
[SourceQuality "1"]

1. e4 c5 2. Nf3 Nc6 3. Bb5 g6 4. c3 Bg7 5. d4 cxd4 6. cxd4 e6 7. 0-0 Nge7 8. Nc3 0-0 9. Be3 a6 10. Bxc6 Nxc6 11. Qd2 Re8 12. Rfd1 d5 13. e5 Qc7 14. Bh6 Bh8 15. Qg5 Qe7 16. Qg3 f6 17. h4 fxe5 18. dxe5 Bg7 19. Bxg7 Qxg7 20. Ne2 Rf8 21. Ned4 Bd7 22. Nxc6 bxc6 23. Rd4 c5 24. Rg4 Rf5 25. Rg5 Rxg5 26. Nxg5 h6 27. Nh3 Rc8 28. Nf4 Kh7 29. Re1 Qf7 30. Re3 Be8 31. Qg4 Rc6 32. Nd3 Qf5 33. Qg3 c4 34. Nb4 Rb6 35. a3 a5 36. Nxd5 exd5 37. Re2 Rb3 38. f3 Qb1+ 39. Kh2 Rxb2 40. Rxb2 Qxb2 41. e6 Qg7 42. Qd6 c3 43. Qxd5 Qc7+ 44. Kh3 c2 45. Qd2 c1Q 46. Qxc1 Qxc1 0-1

[Event "Sachsen-ch U14 Girls"]
[Site "Sebnitz"]
[Date "2005.03.29"]
[Round "2"]
[White "Schulz, Anja2222"]
[Black "Knoechel, Sarah"]
[Result "1-0"]
[WhiteElo "1396"]
[BlackElo "1295"]
[PlyCount "63"]
[EventDate "2005.03.29"]
[EventType "swiss"]
[EventRounds "7"]
[EventCountry "GER"]
[SourceTitle "EXT 2007"]
[Source "ChessBase"]
[SourceDate "2006.11.23"]
[SourceVersion "1"]
[SourceVersionDate "2006.11.23"]
[SourceQuality "1"]

1. e4 e5 2. f4 exf4 3. Nf3 Nc6 4. Nc3 Bc5 5. d4 Bb6 6. Bxf4 d6 7. Bb5 Bd7 8. 0-0 Nf6 9. Kh1 0-0 10. Qd2 a6 11. Bc4 Bg4 12. d5 Ne7 13. Nd4 c5 14. Nde2 h6 15. Bxh6 gxh6 16. Rxf6 Ng6 17. Raf1 Kg7 18. Ng3 Qe7 19. Nf5+ Bxf5 20. R1xf5 Qd7 21. Qf2 Bd8 22. Rxg6+ Kxg6 23. Qg3+ Kh7 24. e5 Rg8 25. Qf3 Rg7 26. Bd3 Kh8 27. exd6 Qxd6 28. Rxf7 Bc7 29. g3 Rag8 30. Rf6 Qe5 31. Rxh6+ Rh7 32. Rxh7# 1-0

[Event "GER-ch U12"]
[Site "Willingen"]
[Date "2004.06.02"]
[Round "7"]
[White "Prosch, Julia"]
[Black "Knoechel, Sarah"]
[Result "1-0"]
[WhiteElo "1300"]
[BlackElo "1211"]
[PlyCount "81"]
[EventDate "2004.06.??"]
[EventType "swiss"]
[EventRounds "11"]
[EventCountry "GER"]
[SourceTitle "EXT 2005"]
[Source "ChessBase"]
[SourceDate "2004.11.15"]
[SourceVersion "1"]
[SourceVersionDate "2004.11.15"]
[SourceQuality "1"]

1. e4 e5 2. Nf3 Nc6 3. d4 exd4 4. Nxd4 Bc5 5. Be3 Qf6 6. c3 Nge7 7. Bb5 0-0 8. 0-0 a6 9. Nxc6 axb5 10. Bxc5 Nxc6 11. Bxf8 Kxf8 12. Qh5 Kg8 13. Qxb5 d6 14. Nd2 Qg6 15. g3 Rb8 16. Rfe1 h6 17. Nc4 Bh3 18. e5 Qh5 19. Re3 Ne7 20. Qa5 b6 21. Qa7 Rc8 22. exd6 Nd5 23. Rd3 Qg4 24. Ne5 Qf5 25. Qb7 cxd6 26. Qxf7+ Qxf7 27. Nxf7 Kxf7 28. Rxd5 Ke6 29. Rad1 Kd7 30. Rxd6+ Ke7 31. Rxb6 Kf7 32. a4 Re8 33. a5 Bg4 34. Ra1 Bf3 35. a6 Kg8 36. a7 Kh7 37. Rb8 Re2 38. a8Q Bxa8 39. Raxa8 Rc2 40. h4 Re2 41. h5 1-0

[Event "GER-ch U12"]
[Site "Willingen"]
[Date "2004.06.01"]
[Round "6"]
[White "Knoechel, Sarah"]
[Black "Mueller, Anna Louise"]
[Result "0-1"]
[WhiteElo "1211"]
[BlackElo "1349"]
[PlyCount "124"]
[EventDate "2004.06.??"]
[EventType "swiss"]
[EventRounds "11"]
[EventCountry "GER"]
[SourceTitle "EXT 2005"]
[Source "ChessBase"]
[SourceDate "2004.11.15"]
[SourceVersion "1"]
[SourceVersionDate "2004.11.15"]
[SourceQuality "1"]

1. e4 c5 2. Nf3 d6 3. d4 cxd4 4. Nxd4 Nf6 5. f3 g6 6. Nc3 Bg7 7. Be3 0-0 8. Qd2 Nc6 9. 0-0-0 Nxd4 10. Bxd4 Be6 11. h4 h5 12. Be2 a6 13. a3 Rc8 14. Kb1 Bc4 15. Rhg1 Bxe2 16. Nxe2 b5 17. Nc3 Qd7 18. Qd3 Rb8 19. e5 dxe5 20. Bxe5 Qxd3 21. Rxd3 Rbd8 22. Rgd1 Rxd3 23. Rxd3 Rc8 24. Re3 Rd8 25. Kc1 e6 26. Ne2 Bh6 27. Nf4 Nd5 28. Rd3 f6 29. Bc7 Rd7 30. Bb8 e5 31. g3 exf4 32. Bxf4 Bxf4+ 33. gxf4 Nb6 34. Rxd7 Nxd7 35. b3 Nb6 36. Kb2 Kf7 37. Kc3 Nd5+ 38. Kd4 Nxf4 39. Kc5 g5 40. hxg5 fxg5 41. Kb6 h4 42. Kxa6 h3 43. Kxb5 h2 44. c4 h1Q 45. c5 Qxf3 46. b4 Qb7+ 47. Ka5 Ne6 48. Ka4 Qc6+ 49. Kb3 Nxc5+ 50. bxc5 Qxc5 51. Ka4 Qxa3+ 52. Kxa3 g4 53. Kb3 g3 54. Kc2 g2 55. Kd2 g1Q 56. Ke2 Qg3 57. Kf1 Qh2 58. Ke1 Ke6 59. Kd1 Kd5 60. Ke1 Ke4 61. Kd1 Kd3 62. Ke1 Qg1# 0-1